[Event "Open International Graz"]
[Date "2026.02.14"]
[White "Hamitevici, Vladimir"]
[Black "Guretchii, Kirill"]
[WhiteElo "2433"]
[BlackElo "2153"]
[Round "1.1.17"]
[Result "1-0"]

e4 {[%clk 1:30:39]} c6 {[%clk 1:30:26]} d4 {[%clk 1:29:26]} d5 {[%clk 1:30:49]}
e5 {[%clk 1:29:08]} Bf5 {[%clk 1:29:54]} h4 {[%clk 1:28:00]} h5 {[%clk 1:30:19]}
c4 {[%clk 1:26:27]} e6 {[%clk 1:29:46]} Nc3 {[%clk 1:26:48]} Bb4 {[%clk
1:30:00]} Ne2 {[%clk 1:25:37]} dxc4 {[%clk 1:17:47]} Ng3 {[%clk 1:25:36]} Bg6
{[%clk 1:17:22]} Bxc4 {[%clk 1:24:59]} Nd7 {[%clk 1:13:04]} Bg5 {[%clk 1:22:22]}
Qc7 {[%clk 1:05:09]} O-O {[%clk 1:17:03]} Nb6 {[%clk 0:52:17]} Bb3 {[%clk
1:13:23]} Ne7 {[%clk 0:44:59]} Rc1 {[%clk 1:06:35]} Bxc3 {[%clk 0:41:03]} bxc3
{[%clk 1:05:17]} c5 {[%clk 0:34:39]} dxc5 {[%clk 1:03:07]} Qxc5 {[%clk 0:34:50]}
Qd6 {[%clk 1:02:10]} Qxd6 {[%clk 0:32:53]} exd6 {[%clk 1:02:37]} Nc6 {[%clk
0:32:36]} Rfe1 {[%clk 0:56:02]} Kd7 {[%clk 0:25:25]} c4 {[%clk 0:54:34]} Nb4
{[%clk 0:19:29]} c5 {[%clk 0:50:14]} N6d5 {[%clk 0:18:57]} a3 {[%clk 0:31:00]}
Nc6 {[%clk 0:19:08]} f4 {[%clk 0:28:27]} f6 {[%clk 0:16:55]} f5 {[%clk 0:28:47]}
Bf7 {[%clk 0:17:21]} fxe6+ {[%clk 0:21:22]} Bxe6 {[%clk 0:17:46]} Rxe6 {[%clk
0:13:34]} Kxe6 {[%clk 0:18:02]} Bf4 {[%clk 0:08:53]} g5 {[%clk 0:15:16]} hxg5
{[%clk 0:09:17]} fxg5 {[%clk 0:15:40]} Bxg5 {[%clk 0:09:33]} Rag8 {[%clk
0:12:54]} Re1+ {[%clk 0:09:31]} Kd7 {[%clk 0:12:42]} Ne4 {[%clk 0:09:53]} Rxg5
{[%clk 0:00:44]} Nxg5 {[%clk 0:10:16]} Nf4 {[%clk 0:01:11]} Rf1 {[%clk 0:08:33]}
Nd3 {[%clk 0:00:33]} Be6+ {[%clk 0:02:59]} Ke8 {[%clk 0:00:59]} Rf7 {[%clk
0:02:54]} Nxc5 {[%clk 0:01:05]} Rc7 {[%clk 0:03:07]} Rf8 {[%clk 0:00:32]} Rc8+
{[%clk 0:03:19]} Nd8 {[%clk 0:00:58]} Rxc5 {[%clk 0:03:21]} Nxe6 {[%clk
0:01:23]} Nxe6 {[%clk 0:03:41]} Rf6 {[%clk 0:01:50]} Ng7+ {[%clk 0:03:14]} Kd7
{[%clk 0:02:13]} Rc7+ {[%clk 0:02:52]}

[Variant "Standard"]
[Site "Europe Echecs"]

[Event "Open International Graz"]
[Date "2026.02.14"]
[White "Mamikonyan, Artem T"]
[Black "Kushagra Mohan"]
[WhiteElo "2153"]
[BlackElo "2432"]
[Round "1.1.18"]
[Result "1/2-1/2"]

e4 {[%clk 1:30:55]} e5 {[%clk 1:30:57]} Nf3 {[%clk 1:31:18]} Nc6 {[%clk
1:31:25]} Bc4 {[%clk 1:31:41]} Nf6 {[%clk 1:31:51]} d3 {[%clk 1:31:44]} Bc5
{[%clk 1:32:18]} Nc3 {[%clk 1:30:45]} h6 {[%clk 1:32:34]} h3 {[%clk 1:29:59]} a6
{[%clk 1:32:59]} Be3 {[%clk 1:29:37]} Bxe3 {[%clk 1:32:50]} fxe3 {[%clk
1:30:05]} d6 {[%clk 1:33:13]} a3 {[%clk 1:30:06]} O-O {[%clk 1:33:14]} O-O
{[%clk 1:30:23]} Be6 {[%clk 1:33:11]} Bxe6 {[%clk 1:29:18]} fxe6 {[%clk
1:33:40]} d4 {[%clk 1:29:39]} exd4 {[%clk 1:33:11]} exd4 {[%clk 1:29:55]} d5
{[%clk 1:33:38]} exd5 {[%clk 1:27:03]} exd5 {[%clk 1:34:04]} Ne5 {[%clk
1:27:32]} Qd6 {[%clk 1:34:01]} Nxc6 {[%clk 1:26:58]} Qxc6 {[%clk 1:34:30]} Qd3
{[%clk 1:25:47]} Ne4 {[%clk 1:32:34]} Nxe4 {[%clk 1:25:48]} dxe4 {[%clk
1:33:00]} Qb3+ {[%clk 1:26:05]} Kh7 {[%clk 1:33:25]} Rae1 {[%clk 1:24:22]} b5
{[%clk 1:33:00]} Rxf8 {[%clk 1:20:44]} Rxf8 {[%clk 1:32:28]} Qc3 {[%clk
1:21:07]} Qxc3 {[%clk 1:21:27]} bxc3 {[%clk 1:21:26]} Rf4 {[%clk 1:21:08]} Re3
{[%clk 1:21:50]} h5 {[%clk 1:21:12]} g3 {[%clk 1:17:11]} Rf6 {[%clk 1:21:25]} c4
{[%clk 1:12:42]} bxc4 {[%clk 1:20:34]} Rxe4 {[%clk 1:12:36]} Rf3 {[%clk
1:20:36]} Kg2 {[%clk 1:13:01]} Rxa3 {[%clk 1:20:17]} Re5 {[%clk 1:12:56]} h4
{[%clk 1:13:13]} gxh4 {[%clk 1:13:16]} Ra2 {[%clk 1:13:15]} Kg3 {[%clk 1:13:14]}
Rxc2 {[%clk 1:13:35]} Ra5 {[%clk 1:13:17]} Rd2 {[%clk 1:08:17]} Rxa6 {[%clk
1:13:33]} Rd3+ {[%clk 1:08:38]} Kg2 {[%clk 1:13:58]} Rxd4 {[%clk 1:08:54]} Rc6
{[%clk 1:14:21]} Rxh4 {[%clk 1:09:03]} Kg3 {[%clk 1:14:28]} Rd4 {[%clk 1:08:36]}
h4 {[%clk 1:13:58]} Rd3+ {[%clk 0:58:36]} Kg4 {[%clk 1:14:21]} Rc3 {[%clk
0:58:26]} h5 {[%clk 1:10:24]} Rc1 {[%clk 0:57:16]} Kf3 {[%clk 1:08:33]} c3
{[%clk 0:56:46]} Kf2 {[%clk 1:05:56]} Rc2+ {[%clk 0:55:13]} Kg3 {[%clk 1:05:49]}
Rc1 {[%clk 0:55:18]} Kf2 {[%clk 1:06:12]} Kg8 {[%clk 0:53:28]} Rxc7 {[%clk
1:06:27]} Kf8 {[%clk 0:53:57]} Kg2 {[%clk 1:02:15]} c2 {[%clk 0:53:23]} Kh2
{[%clk 1:02:11]} Ke8 {[%clk 0:53:51]} Kg2 {[%clk 1:02:17]} Kd8 {[%clk 0:54:21]}
Rc4 {[%clk 1:02:36]} Ke7 {[%clk 0:54:48]} Rc8 {[%clk 1:02:33]} Kd6 {[%clk
0:55:16]} Rc3 {[%clk 1:02:49]} Ke5 {[%clk 0:55:37]} Rc8 {[%clk 1:02:43]} Kf4
{[%clk 0:55:59]} Rc7 {[%clk 1:02:53]} Kf5 {[%clk 0:56:16]} Kh2 {[%clk 1:03:10]}
Ke4 {[%clk 0:56:07]} Rc8 {[%clk 1:03:21]} Kd3 {[%clk 0:56:30]} Rd8+ {[%clk
1:03:46]} Ke2 {[%clk 0:56:53]} Rc8 {[%clk 1:04:04]} Kf2 {[%clk 0:57:20]} Rf8+
{[%clk 1:04:16]} Ke3 {[%clk 0:57:43]} Rc8 {[%clk 1:04:20]} Kf4 {[%clk 0:57:46]}
Rc7 {[%clk 1:04:43]} Kf3 {[%clk 0:58:13]} Rf7+ {[%clk 1:05:04]}

[Variant "Standard"]
[Site "Europe Echecs"]

[Event "Open International Graz"]
[Date "2026.02.14"]
[White "Dehtiarov, Roman"]
[Black "Naveen Kumar P"]
[WhiteElo "2430"]
[BlackElo "2150"]
[Round "1.1.19"]
[Result "1-0"]

d4 {[%clk 1:30:35]} d5 {[%clk 1:30:42]} c4 {[%clk 1:31:03]} c6 {[%clk 1:31:09]}
Nc3 {[%clk 1:31:17]} Nf6 {[%clk 1:31:33]} Nf3 {[%clk 1:31:25]} e6 {[%clk
1:31:55]} e3 {[%clk 1:30:20]} Nbd7 {[%clk 1:32:14]} Qc2 {[%clk 1:30:01]} Bd6
{[%clk 1:32:13]} g4 {[%clk 1:30:07]} h6 {[%clk 1:32:29]} Bd2 {[%clk 1:30:00]}
Qe7 {[%clk 1:29:15]} Rg1 {[%clk 1:20:39]} Bb4 {[%clk 1:18:16]} O-O-O {[%clk
1:14:34]} a6 {[%clk 1:14:55]} cxd5 {[%clk 0:56:49]} exd5 {[%clk 1:10:26]} Bd3
{[%clk 0:56:05]} Nf8 {[%clk 1:08:06]} Ne5 {[%clk 0:52:02]} Bd6 {[%clk 1:05:10]}
f4 {[%clk 0:49:30]} g5 {[%clk 0:56:41]} h3 {[%clk 0:39:27]} Ne6 {[%clk 0:52:55]}
f5 {[%clk 0:32:28]} Nc5 {[%clk 0:45:07]} Kb1 {[%clk 0:23:07]} Bxe5 {[%clk
0:42:44]} dxe5 {[%clk 0:23:30]} Nfd7 {[%clk 0:42:17]} e6 {[%clk 0:16:27]} fxe6
{[%clk 0:40:04]} fxe6 {[%clk 0:16:52]} Nxe6 {[%clk 0:38:37]} Bg6+ {[%clk
0:16:17]} Kd8 {[%clk 0:38:34]} Be1 {[%clk 0:11:09]} Nef8 {[%clk 0:35:30]} Bf5
{[%clk 0:10:00]} Ne5 {[%clk 0:33:58]} Nxd5 {[%clk 0:07:09]} cxd5 {[%clk
0:33:30]} Rxd5+ {[%clk 0:07:37]} Ke8 {[%clk 0:30:49]} Bxc8 {[%clk 0:07:03]} Nf3
{[%clk 0:30:41]} Rf1 {[%clk 0:06:57]} Nxe1 {[%clk 0:29:53]} Rxe1 {[%clk
0:07:21]} Rh7 {[%clk 0:29:27]} Red1 {[%clk 0:06:29]} Qc7 {[%clk 0:28:20]} Qa4+
{[%clk 0:06:36]} b5 {[%clk 0:24:57]} Qe4+ {[%clk 0:07:01]} Re7 {[%clk 0:25:12]}
Rd8+ {[%clk 0:07:26]} Qxd8 {[%clk 0:25:07]} Rxd8+ {[%clk 0:07:54]} Kxd8 {[%clk
0:25:30]} Qxa8 {[%clk 0:08:19]}

[Variant "Standard"]
[Site "Europe Echecs"]

[Event "Open International Graz"]
[Date "2026.02.14"]
[White "Praczukowski, Stanislaw"]
[Black "Gschnitzer, Adrian"]
[WhiteElo "2150"]
[BlackElo "2429"]
[Round "1.1.20"]
[Result "0-1"]

e4 {[%clk 1:30:57]} c5 {[%clk 1:30:54]} Nf3 {[%clk 1:31:21]} d6 {[%clk 1:31:18]}
d4 {[%clk 1:31:21]} cxd4 {[%clk 1:31:42]} Nxd4 {[%clk 1:31:47]} Nf6 {[%clk
1:32:03]} Nc3 {[%clk 1:32:07]} a6 {[%clk 1:32:27]} Be3 {[%clk 1:31:34]} e5
{[%clk 1:32:47]} Nb3 {[%clk 1:31:37]} Be7 {[%clk 1:33:09]} f3 {[%clk 1:31:01]}
Be6 {[%clk 1:33:14]} Qd2 {[%clk 1:30:38]} h5 {[%clk 1:33:25]} Nd5 {[%clk
1:29:48]} Nxd5 {[%clk 1:33:40]} exd5 {[%clk 1:30:11]} Bf5 {[%clk 1:33:57]} Be2
{[%clk 1:29:19]} a5 {[%clk 1:34:17]} O-O {[%clk 1:21:26]} a4 {[%clk 1:33:16]}
Nc1 {[%clk 1:21:30]} O-O {[%clk 1:29:04]} Nd3 {[%clk 1:19:53]} Nd7 {[%clk
1:27:04]} c4 {[%clk 1:15:38]} Nf6 {[%clk 1:24:13]} Rac1 {[%clk 1:07:58]} Qd7
{[%clk 1:22:24]} f4 {[%clk 0:58:05]} Ne4 {[%clk 1:01:56]} Qd1 {[%clk 0:50:31]}
exf4 {[%clk 1:01:45]} Nxf4 {[%clk 0:48:02]} h4 {[%clk 0:57:11]} Bd3 {[%clk
0:45:16]} Rfe8 {[%clk 0:49:24]} Qc2 {[%clk 0:43:15]} Bg5 {[%clk 0:48:14]} Rce1
{[%clk 0:41:20]} Re7 {[%clk 0:35:10]} Ne6 {[%clk 0:31:47]} fxe6 {[%clk 0:31:18]}
Bxe4 {[%clk 0:29:40]} Bxe4 {[%clk 0:25:39]} Qxe4 {[%clk 0:29:31]} Bf6 {[%clk
0:24:15]} Qg6 {[%clk 0:17:49]} Rf8 {[%clk 0:22:16]} Bg5 {[%clk 0:10:50]} exd5
{[%clk 0:20:21]} cxd5 {[%clk 0:07:42]} Rxe1 {[%clk 0:20:27]} Rxe1 {[%clk
0:08:06]} Qg4 {[%clk 0:20:44]}

[Variant "Standard"]
[Site "Europe Echecs"]

[Event "Open International Graz"]
[Date "2026.02.15"]
[White "Chittka, Julius"]
[Black "Pranav Anand"]
[WhiteElo "2301"]
[BlackElo "2606"]
[Round "2.2.1"]
[Result "0-1"]

d4 {[%clk 1:30:55]} Nf6 {[%clk 1:29:13]} Nf3 {[%clk 1:31:21]} e6 {[%clk
1:29:39]} Bf4 {[%clk 1:31:43]} h6 {[%clk 1:30:04]} Nc3 {[%clk 1:16:56]} Bb4
{[%clk 1:28:10]} Bd2 {[%clk 1:01:23]} d5 {[%clk 1:24:47]} e3 {[%clk 0:55:05]}
O-O {[%clk 1:23:42]} Bd3 {[%clk 0:55:10]} c5 {[%clk 1:18:45]} dxc5 {[%clk
0:52:59]} Bxc5 {[%clk 1:15:07]} O-O {[%clk 0:52:52]} Nc6 {[%clk 1:14:53]} e4
{[%clk 0:49:08]} d4 {[%clk 1:11:27]} Ne2 {[%clk 0:46:21]} e5 {[%clk 1:10:33]}
Ng3 {[%clk 0:45:04]} Re8 {[%clk 1:09:35]} a3 {[%clk 0:32:22]} a5 {[%clk
1:04:51]} h3 {[%clk 0:32:32]} Be6 {[%clk 1:02:12]} Nh4 {[%clk 0:26:54]} Bf8
{[%clk 1:01:22]} Nhf5 {[%clk 0:18:42]} Kh7 {[%clk 0:58:42]} f4 {[%clk 0:15:58]}
g6 {[%clk 0:57:50]} Nh4 {[%clk 0:15:11]} exf4 {[%clk 0:53:16]} Bxf4 {[%clk
0:15:32]} Nd7 {[%clk 0:53:27]} Nf3 {[%clk 0:11:38]} Nc5 {[%clk 0:52:22]} e5
{[%clk 0:10:14]} Bg7 {[%clk 0:49:29]} Ne4 {[%clk 0:08:59]} Nxd3 {[%clk 0:45:30]}
cxd3 {[%clk 0:09:06]} Bd5 {[%clk 0:45:10]} Nf6+ {[%clk 0:05:53]} Bxf6 {[%clk
0:45:24]} exf6 {[%clk 0:06:21]} Qxf6 {[%clk 0:45:19]} Qd2 {[%clk 0:06:25]} Qg7
{[%clk 0:45:35]} Nh2 {[%clk 0:04:25]} f5 {[%clk 0:42:53]} Rfe1 {[%clk 0:04:21]}
g5 {[%clk 0:42:04]} Bg3 {[%clk 0:04:44]} a4 {[%clk 0:37:28]} Rxe8 {[%clk
0:04:43]} Rxe8 {[%clk 0:37:56]} Re1 {[%clk 0:04:54]} Qf7 {[%clk 0:37:49]} Nf1
{[%clk 0:04:16]} f4 {[%clk 0:33:40]} Bf2 {[%clk 0:04:27]} Rg8 {[%clk 0:32:44]}
Nh2 {[%clk 0:03:53]} h5 {[%clk 0:33:04]} g4 {[%clk 0:02:20]} fxg3 {[%clk
0:32:59]} Bxg3 {[%clk 0:02:41]} Qf5 {[%clk 0:32:49]}

[Variant "Standard"]
[Site "Europe Echecs"]

[Event "Open International Graz"]
[Date "2026.02.15"]
[White "Socko, Bartosz"]
[Black "Diachek, Andrii"]
[WhiteElo "2580"]
[BlackElo "2301"]
[Round "2.2.2"]
[Result "1-0"]

d4 {[%clk 1:30:57]} Nf6 {[%clk 1:30:36]} c4 {[%clk 1:31:20]} e6 {[%clk 1:30:59]}
g3 {[%clk 1:31:46]} Bb4+ {[%clk 1:30:58]} Nd2 {[%clk 1:32:03]} d5 {[%clk
1:28:16]} Bg2 {[%clk 1:32:01]} O-O {[%clk 1:28:27]} Nf3 {[%clk 1:32:21]} b6
{[%clk 1:28:05]} O-O {[%clk 1:32:19]} Bb7 {[%clk 1:27:31]} Ne5 {[%clk 1:32:24]}
Nbd7 {[%clk 1:25:08]} Qa4 {[%clk 1:31:50]} Bxd2 {[%clk 1:19:05]} Bxd2 {[%clk
1:31:28]} Nxe5 {[%clk 1:18:37]} dxe5 {[%clk 1:31:51]} Nd7 {[%clk 1:18:12]} Rfd1
{[%clk 1:31:32]} Nxe5 {[%clk 0:58:10]} Bc3 {[%clk 1:31:06]} Ng6 {[%clk 0:54:48]}
cxd5 {[%clk 1:28:20]} exd5 {[%clk 0:54:42]} e4 {[%clk 1:28:09]} c5 {[%clk
0:50:47]} exd5 {[%clk 1:28:06]} Qd6 {[%clk 0:50:21]} b4 {[%clk 1:24:39]} Ne7
{[%clk 0:47:37]} bxc5 {[%clk 1:23:09]} bxc5 {[%clk 0:47:56]} Qg4 {[%clk
1:14:48]} f6 {[%clk 0:45:18]} Rab1 {[%clk 1:07:14]} Rab8 {[%clk 0:41:52]} Bd2
{[%clk 1:03:46]} Ng6 {[%clk 0:37:01]} Be3 {[%clk 1:02:48]} Ba6 {[%clk 0:31:00]}
Bxc5 {[%clk 0:56:39]} Qxc5 {[%clk 0:30:35]} Qe6+ {[%clk 0:57:04]} Kh8 {[%clk
0:30:54]} Qxa6 {[%clk 0:57:18]} Ne5 {[%clk 0:29:06]} Rbc1 {[%clk 0:54:58]} Qb6
{[%clk 0:26:48]} Qxb6 {[%clk 0:53:07]} axb6 {[%clk 0:26:26]} d6 {[%clk 0:52:39]}
Rfd8 {[%clk 0:26:24]} Rc7 {[%clk 0:51:47]} Kg8 {[%clk 0:24:29]} Bd5+ {[%clk
0:50:21]} Kf8 {[%clk 0:24:35]} f4 {[%clk 0:48:40]} Nd7 {[%clk 0:24:50]} Re1
{[%clk 0:48:08]} Rbc8 {[%clk 0:23:07]} Be6 {[%clk 0:48:17]}

[Variant "Standard"]
[Site "Europe Echecs"]

[Event "Open International Graz"]
[Date "2026.02.15"]
[White "Klimkowski, Jan"]
[Black "Warchol, Kamil"]
[WhiteElo "2532"]
[BlackElo "2298"]
[Round "2.2.3"]
[Result "1/2-1/2"]

e4 {[%clk 1:30:55]} c5 {[%clk 1:30:10]} Nf3 {[%clk 1:31:22]} Nc6 {[%clk
1:30:09]} Bb5 {[%clk 1:31:38]} e6 {[%clk 1:29:56]} Bxc6 {[%clk 1:31:44]} bxc6
{[%clk 1:29:58]} d3 {[%clk 1:32:07]} Qc7 {[%clk 1:29:17]} O-O {[%clk 1:32:13]}
Ne7 {[%clk 1:27:42]} h4 {[%clk 1:31:55]} e5 {[%clk 1:21:04]} h5 {[%clk 1:31:28]}
Ng8 {[%clk 1:16:13]} Nh4 {[%clk 1:29:22]} Qd8 {[%clk 1:10:10]} Nf5 {[%clk
1:23:49]} d6 {[%clk 1:07:16]} Ng3 {[%clk 0:53:10]} Nf6 {[%clk 0:52:20]} Bg5
{[%clk 0:52:58]} h6 {[%clk 0:51:41]} Bxf6 {[%clk 0:51:15]} Qxf6 {[%clk 0:51:54]}
Nd2 {[%clk 0:51:42]} Be7 {[%clk 0:43:17]} Nc4 {[%clk 0:51:22]} O-O {[%clk
0:42:30]} a3 {[%clk 0:50:13]} Rb8 {[%clk 0:40:08]} b4 {[%clk 0:43:31]} d5 {[%clk
0:32:07]} Ne3 {[%clk 0:41:39]} Rd8 {[%clk 0:31:46]} Qe2 {[%clk 0:36:39]} Qe6
{[%clk 0:26:10]} Qf3 {[%clk 0:23:40]} Rb7 {[%clk 0:19:33]} Ngf5 {[%clk 0:22:40]}
cxb4 {[%clk 0:15:27]} axb4 {[%clk 0:21:41]} Bxb4 {[%clk 0:14:34]} Qg3 {[%clk
0:20:19]} Bf8 {[%clk 0:14:21]} Ng4 {[%clk 0:20:44]} Kh7 {[%clk 0:13:24]} Nxe5
{[%clk 0:18:56]} dxe4 {[%clk 0:10:36]} dxe4 {[%clk 0:18:31]} Rb5 {[%clk
0:10:11]} f4 {[%clk 0:17:43]} Qf6 {[%clk 0:09:11]} Ne3 {[%clk 0:13:38]} Bc5
{[%clk 0:08:59]} Kh1 {[%clk 0:13:50]} Rd4 {[%clk 0:05:43]} N3g4 {[%clk 0:09:27]}
Bxg4 {[%clk 0:05:25]} Nxg4 {[%clk 0:09:56]} Qe6 {[%clk 0:05:08]} e5 {[%clk
0:03:53]} Qf5 {[%clk 0:04:33]} Nh2 {[%clk 0:04:01]} Qxh5 {[%clk 0:03:08]} f5
{[%clk 0:02:56]} Qg5 {[%clk 0:02:18]} Qxg5 {[%clk 0:02:00]} hxg5 {[%clk
0:02:44]} Nf3 {[%clk 0:02:29]} Rc4 {[%clk 0:01:55]} Nxg5+ {[%clk 0:01:55]} Kg8
{[%clk 0:02:03]} Nf3 {[%clk 0:01:31]} Rbb4 {[%clk 0:01:15]} Kh2 {[%clk 0:01:23]}
Rxc2 {[%clk 0:01:17]} Rad1 {[%clk 0:01:09]} Rg4 {[%clk 0:01:08]} Rd8+ {[%clk
0:01:02]} Kh7 {[%clk 0:01:02]} Ne1 {[%clk 0:00:32]} Rc1 {[%clk 0:08:22]} Kh3
{[%clk 0:10:18]} Rh4+ {[%clk 0:05:04]} Kg3 {[%clk 0:10:47]} Rh5 {[%clk 0:03:41]}
Rb8 {[%clk 0:07:38]} Rg5+ {[%clk 0:01:39]} Kh3 {[%clk 0:06:36]} Be3 {[%clk
0:01:10]}

[Variant "Standard"]
[Site "Europe Echecs"]

[Event "Open International Graz"]
[Date "2026.02.15"]
[White "Bizhigitov, Zhangir"]
[Black "Chasin, Nico"]
[WhiteElo "2300"]
[BlackElo "2523"]
[Round "2.2.4"]
[Result "0-1"]

e4 {[%clk 1:26:17]} c5 {[%clk 1:26:11]} Nf3 {[%clk 1:26:07]} d6 {[%clk 1:26:33]}
d4 {[%clk 1:26:04]} cxd4 {[%clk 1:26:38]} Nxd4 {[%clk 1:26:22]} Nf6 {[%clk
1:26:59]} Nc3 {[%clk 1:26:35]} Nc6 {[%clk 1:27:21]} Bg5 {[%clk 1:25:53]} e6
{[%clk 1:27:38]} Qd2 {[%clk 1:25:03]} a6 {[%clk 1:28:02]} O-O-O {[%clk 1:25:09]}
Bd7 {[%clk 1:28:25]} Nxc6 {[%clk 1:23:10]} Bxc6 {[%clk 1:25:27]} f3 {[%clk
1:23:17]} b5 {[%clk 1:17:07]} Kb1 {[%clk 1:18:26]} h6 {[%clk 1:13:11]} Be3
{[%clk 1:11:22]} Qc7 {[%clk 1:12:09]} Ne2 {[%clk 1:04:36]} Rd8 {[%clk 1:07:52]}
Nd4 {[%clk 0:53:33]} Ba8 {[%clk 1:00:32]} Qf2 {[%clk 0:48:53]} d5 {[%clk
0:57:15]} Nxb5 {[%clk 0:41:23]} axb5 {[%clk 0:56:45]} Bxb5+ {[%clk 0:32:51]} Rd7
{[%clk 0:55:07]} Bb6 {[%clk 0:31:38]} Qc8 {[%clk 0:47:27]} exd5 {[%clk 0:27:05]}
Nxd5 {[%clk 0:34:09]} Bxd7+ {[%clk 0:19:44]} Kxd7 {[%clk 0:35:12]} Bd4 {[%clk
0:19:46]} f6 {[%clk 0:31:46]} b3 {[%clk 0:19:41]} Ke8 {[%clk 0:32:10]} c4 {[%clk
0:19:56]} Ne7 {[%clk 0:32:34]} Bb2 {[%clk 0:14:42]} Nf5 {[%clk 0:31:59]} Rd3
{[%clk 0:11:26]} Bc5 {[%clk 0:31:33]} Qe2 {[%clk 0:11:50]} Kf7 {[%clk 0:31:39]}
Rhd1 {[%clk 0:12:00]} Bc6 {[%clk 0:29:13]} f4 {[%clk 0:04:52]} Qa8 {[%clk
0:27:07]} Ka1 {[%clk 0:02:37]} Bxg2 {[%clk 0:25:14]} Qh5+ {[%clk 0:00:33]} g6
{[%clk 0:25:33]} Qe2 {[%clk 0:00:39]} Bc6 {[%clk 0:25:27]} Bxf6 {[%clk 0:00:56]}
Re8 {[%clk 0:23:07]} Bc3 {[%clk 0:00:50]} Qb8 {[%clk 0:22:51]} Qe5 {[%clk
0:00:40]} Qxe5 {[%clk 0:23:14]} Bxe5 {[%clk 0:01:06]} Ne3 {[%clk 0:23:01]} R1d2
{[%clk 0:01:06]} Ng4 {[%clk 0:22:36]} Bd4 {[%clk 0:00:54]} Be7 {[%clk 0:22:24]}
Bc3 {[%clk 0:00:45]} Nf6 {[%clk 0:22:45]} Re2 {[%clk 0:00:37]} Ne4 {[%clk
0:22:31]} Be5 {[%clk 0:00:38]} Bc5 {[%clk 0:22:59]} Rb2 {[%clk 0:09:56]} Nf2
{[%clk 0:37:58]} Rdd2 {[%clk 0:08:27]} Ng4 {[%clk 0:38:22]} Bd4 {[%clk 0:02:56]}
Bb4 {[%clk 0:38:48]} h3 {[%clk 0:02:01]} Nf6 {[%clk 0:37:45]} Be5 {[%clk
0:00:57]} Bxd2 {[%clk 0:38:11]} Rxd2 {[%clk 0:01:22]} Nd7 {[%clk 0:36:54]} Bc3
{[%clk 0:01:11]} Rc8 {[%clk 0:36:00]} Kb2 {[%clk 0:00:53]} g5 {[%clk 0:35:57]}
fxg5 {[%clk 0:00:59]} hxg5 {[%clk 0:36:27]} a4 {[%clk 0:01:06]} Nc5 {[%clk
0:35:36]} Rf2+ {[%clk 0:00:56]} Ke8 {[%clk 0:35:31]} Rf6 {[%clk 0:00:41]} Rb8
{[%clk 0:35:05]} b4 {[%clk 0:00:40]} Nxa4+ {[%clk 0:35:11]} Kc2 {[%clk 0:00:43]}
Ke7 {[%clk 0:34:27]} Rh6 {[%clk 0:00:38]} Rf8 {[%clk 0:32:53]} b5 {[%clk
0:00:39]} Be4+ {[%clk 0:32:10]} Kb3 {[%clk 0:01:02]} Rf3 {[%clk 0:32:39]} Kxa4
{[%clk 0:01:06]} Rxc3 {[%clk 0:33:07]} Kb4 {[%clk 0:01:11]} Rc1 {[%clk 0:33:06]}
Rh8 {[%clk 0:00:40]} Kd7 {[%clk 0:32:54]} c5 {[%clk 0:00:33]} Bd3 {[%clk
0:31:03]} Rb8 {[%clk 0:00:43]} Rc4+ {[%clk 0:31:29]}

[Variant "Standard"]
[Site "Europe Echecs"]

[Event "Open International Graz"]
[Date "2026.02.15"]
[White "Ohler, Julius"]
[Black "Lalit Babu M R"]
[WhiteElo "2298"]
[BlackElo "2511"]
[Round "2.2.5"]
[Result "1/2-1/2"]

d4 {[%clk 1:30:57]} d5 {[%clk 1:27:24]} c4 {[%clk 1:31:02]} e6 {[%clk 1:27:37]}
Nc3 {[%clk 1:31:26]} Nf6 {[%clk 1:27:57]} cxd5 {[%clk 1:31:38]} exd5 {[%clk
1:28:20]} Bg5 {[%clk 1:32:04]} Bb4 {[%clk 1:24:21]} Nf3 {[%clk 1:29:37]} h6
{[%clk 1:23:36]} Bh4 {[%clk 1:30:03]} O-O {[%clk 1:19:37]} e3 {[%clk 1:15:07]}
c5 {[%clk 1:18:19]} dxc5 {[%clk 0:56:51]} Be6 {[%clk 1:10:25]} Be2 {[%clk
0:51:36]} Nbd7 {[%clk 1:03:38]} O-O {[%clk 0:50:21]} Bxc3 {[%clk 1:00:38]} bxc3
{[%clk 0:50:47]} Nxc5 {[%clk 1:00:52]} Nd4 {[%clk 0:40:44]} Nce4 {[%clk
0:40:51]} c4 {[%clk 0:37:56]} Nc3 {[%clk 0:38:45]} Qc2 {[%clk 0:36:44]} Nxe2+
{[%clk 0:38:51]} Qxe2 {[%clk 0:37:09]} dxc4 {[%clk 0:37:09]} Nxe6 {[%clk
0:37:33]} fxe6 {[%clk 0:37:35]} Qxc4 {[%clk 0:37:58]} Qd5 {[%clk 0:37:57]} Qb3
{[%clk 0:31:04]} Rac8 {[%clk 0:33:58]} Bxf6 {[%clk 0:23:50]} Rxf6 {[%clk
0:33:58]} Rfc1 {[%clk 0:22:40]} Rxc1+ {[%clk 0:25:38]} Rxc1 {[%clk 0:23:09]}
Qxb3 {[%clk 0:24:36]} axb3 {[%clk 0:23:33]} Rf5 {[%clk 0:25:00]} Kf1 {[%clk
0:17:47]} Rb5 {[%clk 0:25:13]} Rc3 {[%clk 0:18:12]} Kf7 {[%clk 0:25:36]} Ke2
{[%clk 0:18:37]} Ke7 {[%clk 0:25:59]} Kd3 {[%clk 0:17:35]} Kd6 {[%clk 0:26:18]}
f4 {[%clk 0:09:16]} Rc5 {[%clk 0:21:27]} Rc4 {[%clk 0:05:59]} a5 {[%clk
0:18:50]} Ra4 {[%clk 0:04:08]} b6 {[%clk 0:18:43]} b4 {[%clk 0:03:44]} Rb5
{[%clk 0:16:21]} bxa5 {[%clk 0:04:09]} bxa5 {[%clk 0:16:19]} e4 {[%clk 0:02:34]}
Kc5 {[%clk 0:05:23]} g4 {[%clk 0:01:43]} Rb3+ {[%clk 0:04:35]} Kc2 {[%clk
0:02:12]} Rh3 {[%clk 0:03:14]} Rxa5+ {[%clk 0:02:38]} Kd4 {[%clk 0:03:41]} Ra4+
{[%clk 0:02:52]} Kc5 {[%clk 0:03:54]} Kd2 {[%clk 0:02:29]} Rxh2+ {[%clk
0:03:25]}

[Variant "Standard"]
[Site "Europe Echecs"]